Problémy Evropské měnové unie
Základné ekonomické problémy prechodu k Európskej menovej únii (EMU). História. V r. 1979 vzniká Európsky menový systém (EMS - krajiny Európskeho spoločenstva, okrem V. Británie). Fixný výmenný kurz a voľný pohyb kapitálu. Potreba modifikácie EMS v r. 1993 po kríze v r. 1992 - zjednotenie Nemecka, h...
Guardado en:
| Autor principal: | |
|---|---|
| Formato: | Capítulo de libro |
| Lenguaje: | checo |
| Materias: | |
| Etiquetas: |
Sin Etiquetas, Sea el primero en etiquetar este registro!
|
MARC
| LEADER | 00000naa a2200000 4500 | ||
|---|---|---|---|
| 001 | r015212 | ||
| 005 | 20230221120931.2 | ||
| 041 | 0 | |a cze | |
| 044 | |a CZ | ||
| 245 | 1 | 0 | |a Problémy Evropské měnové unie |c Jiří Jonáš |
| 520 | |a Základné ekonomické problémy prechodu k Európskej menovej únii (EMU). História. V r. 1979 vzniká Európsky menový systém (EMS - krajiny Európskeho spoločenstva, okrem V. Británie). Fixný výmenný kurz a voľný pohyb kapitálu. Potreba modifikácie EMS v r. 1993 po kríze v r. 1992 - zjednotenie Nemecka, hospodárska recesia, značné rozpočtové deficity. Hypotézy o ďalšom vývoji EMU. | ||
| 610 | 2 | 0 | |a Európsky menový systém |
| 610 | 2 | 0 | |a únie menové |
| 610 | 2 | 0 | |a Európa |
| 610 | 2 | 0 | |a kurz výmenný pevný |
| 610 | 2 | 0 | |a pohyb kapitálu |
| 100 | 1 | |a Jonáš, Jiří | |